Statistiques concernant Quel jeu télévisé ?

Cliquez ici pour prendre le quiz!

Statistiques générales

  • Ce quiz a été pris 862 fois
  • Le résultat moyen est 11 sur 15

Statistiques - réponses

DescriptionJeu télévisé% Correct
Une émission sur le thème du karaoké, présente par Nagui.N'oubliez pas les paroles.
93%
Émission de quiz longtemps présenté par Julien Lepers, mais aujourd'hui animé par Samuel Etienne.Question pour un champion.
90%
Un candidat doit répondre à des questions dans le but de gagner un million. Qui veut gagner des millions.
90%
Une équipe participent à des épreuves, soit physique, soit mental pour gagner des clés et accéder à la salle du coffre.Fort Boyard.
89%
Diffusé le midi, cette émission voit un "maitre" affronté 3 autres candidats pour tenté de garder son titre.Les 12 coups de midi.
86%
2 candidats qui doivent soit trouver soit le mot le plus long, soit le bon compte.Des chiffres et des lettres.
84%
2 familles s'affrontent et répondent à des questions dans le but de se rapprocher le plus de l'opinion des français sondés.Une famille en or.
84%
Trois candidats tentent de résoudre une grille de mots fléchés, en répondant à des questions.Slam
79%
3 candidats doivent tourner une roue et proposer des lettres pour retrouver des phrases ou expressions.La roue de la fortune.
76%
Un champion, qui ne doit pas perdre son fauteuil rouge.Tout le monde veut prendre sa place.
71%
2 équipes s'affrontent dans le but de gagner 25 miams et participer à l'ultime épreuve dite "de la mort".Burger Quiz
69%
2 équipes représentant leur ville s'affrontent autour d'épreuves loufoques, pour terminer avec le mur des champions.Intervilles
66%
Un candidat doit ouvrir des boites, dans lesquelles se trouvent différents gains potentiels.A prendre ou à laisser.
62%
Des candidats doivent "coopérer" pour mettre un maximum d'argent en banque, tout en éliminant un candidat à chaque tour. Le maillon faible.
55%
Des candidats doivent deviner quel métier correspond à chaque personne.Qui est qui ?
19%

Distribution des résultats

Percentile par nombre de réponses

% des personnes avec chaque résultat

Votre développement - résultats

Vous n’avez pas pris ce quiz